İnsanca bir düzen kurmak için halktan yetki istiyoruz (Record no. 8260)

MARC details
000 -BAŞLIK
Sabit Uzunlukta Kontrol Alanı 00919na a2200265 4500
999 ## - SİSTEM KONTROL NUMARALARI (KOHA)
Koha Biblionumber 8260
Koha Biblioitemnumber 8260
001 - KONTROL NUMARASI
Denetim Alanı 15996
003 - KONTROL NUMARASI IDENTIFIER
Denetim Alanı MIRAKIL
005 - SON İŞLEM TARİHİ VE ZAMANI
Denetim Alanı 20221124115942.0
008 - SABİT-BOY VERİ ELEMANLARI - GENEL BİLGİLER
Sabit Uzunlukta Kontrol Alanı 160928b tu 000 0
035 ## - SİSTEM KONTROL NUMARASI
Sistem Kontrol Numarası 15996
040 ## - KATALOGLAMA KAYNAK
Orijinal Kataloglama Ajansı TR-AnCHP
Kataloglama Dili tur
Metne Dönüştürmek Ajansı TR-AnCHP
082 ## - DEWEY ONLU SINIFLANDIRMA NUMARASI
Sınıflandırma Numarası CHP 324.2172
Ürün Numarası İ57 1969
245 ## - BAŞLIK TABLOSU
Başlık İnsanca bir düzen kurmak için halktan yetki istiyoruz
Başlığın Kalan CHP'nin düzen değişikliği programı
Sorumluluk Tablosu, Vb CHP
246 ## - UNVAN FORM VARYING
Başlık Doğru / Kısa Başlığı CHP'nin düzen değişikliği programı
246 ## - UNVAN FORM VARYING
Başlık Doğru / Kısa Başlığı CHP Seçim bildirgeleri
260 ## - YAYIN, DAĞITIM, VB
Yayın, Dağıtım, Vb Yeri Ankara;
Yayıncı, Dağıtıcı, Vs Adı Ulusal Basımevi,
Yayın, Dağıtım, Vb Tarihi 1969.
300 ## - FİZİKSEL TANIM
Kapsam 133 s.:
Boyutlar 26 sm.
610 ## - KONU KATMA GİRİŞ - TOPLANTI ADI
Giriş Elemanı Olarak Kurumsal Ad Veya Yargı Alanı Adı CHP
Genel Alt Bölüm Seçim bildirgeleri
Kronolojik Alt Bölüm 1969
610 #0 - KONU KATMA GİRİŞ - TOPLANTI ADI
Giriş Elemanı Olarak Kurumsal Ad Veya Yargı Alanı Adı Cumhuriyet Halk Partisi (CHP)
Genel Alt Bölüm propaganda ve ideolojiler
Kronolojik Alt Bölüm 1969.
9 (RLIN) 5196
650 #0 - KONU KATMA GİRİŞ - TOPİKAL DÖNEM
9 (RLIN) 9
Topikal Süreli Veya Coğrafi Ad Giriş Elemanı Siyaset ve yönetim
Genel Alt Bölümü Türkiye
Kronolojik Alt Bölümü 1969
651 ## - KONU KATMA GİRİŞ - COĞRAFİ ADI
Coğrafi İsim Türkiye
Genel Alt Bölümü seçimler
Kronolojik Alt Bölümü 1969
740 ## - KATMA GİRİŞ - KONTROLSUZ İLGİLİ / ANALİTİK BAŞLIK
Kontrol Edilmeyen / İlgili Analitik Başlıktaki CHP'nin düzen değişikliği programı
740 ## - KATMA GİRİŞ - KONTROLSUZ İLGİLİ / ANALİTİK BAŞLIK
Kontrol Edilmeyen / İlgili Analitik Başlıktaki Seçim bildirgeleri
942 ## - EKLENDİ GİRİŞ ELEMANLARI (KOHA)
Sınıflandırma Veya Raf Düzeni Kaynak Dewey Decimal Classification
Koha Öğesi Türü Archive
Holdings
Kalıcı Konum Mevcut Konum Edinme Tarihi Edinim Kaynak Toplam Check-Out'Lar Tam Çağrı Numarası Barkod Tarih Son Görülme Kopya Sayısı İtibaren Geçerli Fiyatlar Koha Öğesi Türü
CHP Kütüphanesi CHP Kütüphanesi 09/28/2016 Bağış   CHP 324.2172 İ57 1969 004620 09/28/2016 k.2 09/28/2016 Books
CHP Kütüphanesi CHP Kütüphanesi 09/28/2016 Bağış   CHP 324.2172 İ57 1969 004621 09/28/2016 k.3 09/28/2016 Books